=LDR 00000nam 2200000 4500 =001 NUTBA000000000002012 =005 20140530104337.0 =006 =007 =008 =020 ##$$a 978-979-29-3056-6 =035 ##$$a 0010-051400000000477 =040 ##$$a NBPDMAT =082 ##$$a 635.8 =090 ##$$a 635.8 $b Eri p =100 ##$$a Erie Maulana =245 ##$$a Panen jamur tiap musim : $b Panduan lengkap bisnis dan budi daya jamur tiram / $c Erie Maulana SY =250 ##$$a Cet.1 =260 ##$$a Yogyakarta : $b Lily Publisher, $c 2012 =300 ##$$a viii, 184 hlm. : $b ilus. ; $c 21 cm. =650 ##$$a Jamur Tiram Budi Daya =850 ##$$a NBPDMAT =990 ##$$a 21400627 =990 ##$$a 3615336153 =990 ##$$a 3615436154 =990 ##$$a 21400631 =990 ##$$a 21400627 =990 ##$$a 21400628 =990 ##$$a 21400629 =990 ##$$a 21400630